Search the Library Catalogue
| 000 -LEADER | |
|---|---|
| fixed length control field | 00704nam a2200253Ia 4500 |
| 008 - FIXED-LENGTH DATA ELEMENTS--GENERAL INFORMATION | |
| fixed length control field | 191130s2002##################000#0#eng## |
| 020 ## - INTERNATIONAL STANDARD BOOK NUMBER | |
| ISBN | 9780415939881 |
| 082 ## - DEWEY DECIMAL CLASSIFICATION NUMBER | |
| Classification number | 340.112 WEL.6 |
| 245 ## - TITLE STATEMENT | |
| Title | Rights and duties |
| Statement of responsibility, etc | edited with introductions by Carl Wellman |
| 260 ## - PUBLICATION, DISTRIBUTION, ETC. (IMPRINT) | |
| Place of publication | New York ; London |
| Name of publisher | Routledge |
| Year of publication | 2002 |
| 300 ## - PHYSICAL DESCRIPTION | |
| Number of Pages | 6 v. ; 24 cm |
| 500 ## - GENERAL NOTE | |
| General note | Includes bibliographical references |
| 650 ## - SUBJECT ADDED ENTRY--TOPICAL TERM | |
| Topical Term | Duty |
| Topical Term | Law and ethics |
| Topical Term | Natural law |
| Topical Term | Natural obligations |
| Topical Term | Obedience (Law) |
| 700 ## - ADDED ENTRY--PERSONAL NAME | |
| Personal name | Wellman, Carl |
| 991 ## - | |
| -- | 329259 |
| Withdrawn status | Lost status | Damaged status | Not for loan | Home library | Current library | Shelving location | Date acquired | Full call number | Accession Number | Price effective from | Koha item type |
|---|---|---|---|---|---|---|---|---|---|---|---|
| Anna Centenary Library | Anna Centenary Library | 4TH FLOOR, A WING | 15.10.2020 | 340.112 WEL.6 | 171221 | 15.10.2020 | English Books |